000
00299nam a2200133Ia 4500
008
231129s1950||||xx |||||||||||||| ||spa||
040
_b
spa
082
_a
722.7 S487
100
_a
Serra-Rafols Jose de C.
245
0
_a
Monumentos romanos
260
_c
1950
264
_a
Argos
942
_2
ddc
_c
BKS
999
_c
21396
_d
21396